| 000 | 00847nam a22002537a 4500 | ||
|---|---|---|---|
| 999 |
_c15362 _d15362 |
||
| 003 | MIRAKIL | ||
| 005 | 20240213171123.0 | ||
| 008 | 240213b tu ||||| |||| 00| 0 tur d | ||
| 020 | _a9789750534805 | ||
| 040 |
_aTR-AnCHP _cTR-AnCHP |
||
| 041 | _aTürkçe | ||
| 082 |
_a362.5056 _bE62k 2023 |
||
| 090 | _a362.5056 E62k 2023 | ||
| 100 | _aErdoğan, Necmi | ||
| 245 | 1 | 0 |
_aKayıp halk : _bgünümüzde yoksulluk halleri / _cNecmi Erdoğan ; editör: Tanıl Bora. |
| 260 |
_aİstanbul : _bİletişim Yayınları, _c2023. |
||
| 300 |
_a423 s. : _bres. ; _c2023. |
||
| 490 | 0 |
_aİletişim yayınları : _v3277. |
|
| 490 | 0 |
_aAraştırma-inceleme dizisi : _v550. |
|
| 650 | 0 |
_9983 _aYoksulluk |
|
| 650 | 0 |
_9396 _aEkonomi _xTürkiye |
|
| 856 | _zDijital Nüshası için Partimizin Kütüphane Sorumlusu ile iletişime geçiniz. | ||
| 942 |
_2ddc _cBKS |
||